| 000 | 00360 a2200145 4500 | ||
|---|---|---|---|
| 999 |
_c4719 _d4719 |
||
| 020 | _a0949981613 | ||
| 050 | _aPL8745 OUW 1996 | ||
| 100 | _aOuwehand, M. | ||
| 245 |
_aEveryday Tsonga / _cM. Ouwehand |
||
| 264 |
_aBraamfontein _bSasavona _c1996 |
||
| 300 | _a107p. : | ||
| 500 | _aTsonga folklore | ||
| 650 | _aTsonga folklore | ||
| 942 |
_2lcc _cBK _h8745 _iOUW _kPL |
||